Un enfoque de la protección de la propiedad intelectual compatible con la competencia /
Guardado en:
| Autor principal: | |
|---|---|
| Formato: | Texto |
| Materias: | |
| Etiquetas: |
Agregar Etiqueta
Sin Etiquetas, Sea el primero en etiquetar este registro!
|
MARC
| LEADER | 00000 a a2200000 04500 | ||
|---|---|---|---|
| 001 | 13137 | ||
| 003 | |||
| 040 | |||
| 100 | |a Correa, Carlos | ||
| 245 | |a Un enfoque de la protección de la propiedad intelectual compatible con la competencia / |c Carlos Correa | ||
| 650 | |a PROPIEDAD INTELECTUAL | ||
| 650 | |a ELABORACION DE POLITICAS | ||
| 650 | |a PATENTES | ||
| 773 | |g volumen 8, número 6; páginas 10-12 | ||
| 999 | |c 27782 |d 27782 | ||
